000 00435nam a2200181Ia 4500
003 LK-CoDNM
005 20240808123451.0
008 010623t1916 xxu||||| |||| 00| 1 eng d
040 _aLK-CoDNM
_dLK-CoDNM
_eLK-CoDNM
041 _aeng
080 _a16
_bY20
100 _aHaughton,S.
245 _aSport and Travel
260 _bPonsonby and Gibbs
_aDublin
_c1916
300 _b242p. : ill ; 19 cm
650 _aGames
942 _cBK
999 _c88752
_d88752